Lejislación administrativa de la armada. Recopilación de leyes, reglamentos, decretos supremos i circulares, sobre el servicio administrativo de la armada
Guardat en:
| Autors principals: | , |
|---|---|
| Autor corporatiu: | |
| Format: | Llibre |
| Idioma: | espanyol |
| Publicat: |
Valparaíso
De la Armada
1907
|
| Matèries: | |
| Etiquetes: |
Afegir etiqueta
Sense etiquetes, Sigues el primer a etiquetar aquest registre!
|
MARC
| LEADER | 00000nam a2200000 a 4500 | ||
|---|---|---|---|
| 001 | UCR4280 | ||
| 003 | CL-VaPUC | ||
| 008 | 980307e19070000CL |||||||||||||||||spa|d | ||
| 082 | 0 | 4 | |a 343.8301 |b LEO |2 21 |
| 100 | 0 | |a León Silva, Alberto |e author |9 404127 | |
| 700 | 0 | |a Carmona, Ramon A |e author |9 404128 | |
| 110 | 2 | |a Marina de Chile |e author |9 404129 | |
| 245 | 1 | 0 | |a Lejislación administrativa de la armada. Recopilación de leyes, reglamentos, decretos supremos i circulares, sobre el servicio administrativo de la armada |
| 300 | |a 1271 p | ||
| 942 | |c BK | ||
| 945 | |d 19980307 00:00:00 |a crobeson | ||
| 260 | |a Valparaíso |b De la Armada |c 1907 | ||
| 600 | 0 | |a Armada de Chile |9 340497 | |
| 600 | 0 | 7 | |a SERVICIO ADMINISTRATIVO DE LA ARMADA |2 CL-VaPUC |9 404130 |
| 650 | 7 | |a LEGISLACION |2 CL-VaPUC |9 404131 | |
| 650 | 7 | |a REGLAMENTACION |2 CL-VaPUC |9 337393 | |
| 650 | 0 | |a Derecho administrativo |9 254851 | |
| 651 | 7 | |a CHILE |2 CL-VaPUC |9 404132 | |
| 583 | |a last modification |c 19980307 00:00:00 |k Rodrigo Vera | ||
| 999 | |c 267227 |d 267225 | ||
| 952 | |0 0 |1 0 |2 ddc |4 0 |5 1 |6 343_830100000000000_LEO_1907 |7 1 |8 C_LRYV |9 299458 |a FDOBRV |b BIBDER |d 2019-11-20 |i 1948881 |o 343.8301 LEO 1907 |p 1948881 |r 2023-01-25 |w 2019-11-20 |y BK_X |k BRV | ||